00585nam a22001697a 450000500170000001000150001702000260003203500140005803700130007208200150008510000200010024501240012026000480024427000620029230000300035470000310038420220628110858.0 aENG-133398 a9788185496102c550.00 aEN-116930 bDBAD/PUB a577.553395 aRajvanshi, Asha aRoads, Sensitive Habitats and Wildlife:bEnvironmental Guideline for India and South Asia/ cAsha Rajvanshi [et. al...] aDehradunbWildlife Institute of Indiac2001 aPost Box # 18, ChandrabanibDehradune248001k91135640111 ax,215p.c22cm(pbk)bIndex aAsha Rajvanshi [et. al...]